[Event "Andalucia-ch U14"]
[Site "Huelva"]
[Date "2014.04.26"]
[Round "6.6"]
[White "Trigueros Lorca, Irene"]
[Black "Redondo Benavente, Ana"]
[Result "0-1"]
[WhiteElo "1438"]
[BlackElo "1651"]
[PlyCount "50"]
[EventDate "2014.04.25"]
[EventType "swiss"]
[EventRounds "9"]
[EventCountry "ESP"]
[SourceTitle "EXT 2024"]
[Source "ChessBase"]
[SourceDate "2023.10.10"]
[SourceVersion "1"]
[SourceVersionDate "2023.10.10"]
[SourceQuality "1"]

1. e4 e5 2. Nf3 Nc6 3. Bb5 Nd4 4. Ba4 Nxf3+ 5. Qxf3 Nf6 6. Nc3 Bc5 7. d3 c6 8. Bg5 Be7 9. h3 d6 10. 0-0 h6 11. Be3 Be6 12. Bb3 Qd7 13. d4 exd4 14. Bxd4 Qc7 15. Rfe1 0-0-0 16. Na4 c5 17. Bxf6 Bxf6 18. Bd5 Bxd5 19. exd5 Qd7 20. Nc3 Be5 21. Rab1 g5 22. Qg4 Bxc3 23. Qxd7+ Kxd7 24. bxc3 b6 25. Rb3 Rde8 0-1

[Event "ESP-ch U12"]
[Site "Salobrena"]
[Date "2012.07.02"]
[Round "1.2"]
[White "Perez Garcia, Alejandro"]
[Black "Trigueros Lorca, Irene"]
[Result "1-0"]
[WhiteElo "1902"]
[BlackElo "1452"]
[PlyCount "91"]
[EventDate "2012.07.02"]
[EventType "swiss"]
[EventRounds "9"]
[EventCountry "ESP"]
[SourceTitle "EXT 2024"]
[Source "ChessBase"]
[SourceDate "2023.10.10"]
[SourceVersion "1"]
[SourceVersionDate "2023.10.10"]
[SourceQuality "1"]

1. d4 Nf6 2. Nf3 g6 3. g3 Bg7 4. Bg2 0-0 5. 0-0 d6 6. b3 Nc6 7. Bb2 e6 8. c4 b6 9. Ne5 dxe5 10. Bxc6 Rb8 11. dxe5 Nd7 12. Bxd7 Bxd7 13. Nd2 Bc6 14. Qc2 Qg5 15. f4 Qh5 16. Nf3 Qh3 17. Rad1 Rbd8 18. Ba3 Rfe8 19. Rxd8 Rxd8 20. Rd1 Re8 21. e4 Qh5 22. Qd3 Qh6 23. Nd4 Bd7 24. Nf5 exf5 25. Qxd7 Ra8 26. Qd8+ Rxd8 27. Rxd8+ Bf8 28. Bxf8 Qxf8 29. Rxf8+ Kxf8 30. exf5 gxf5 31. Kf2 c5 32. Ke3 Ke7 33. h3 h5 34. Kf3 a6 35. g4 hxg4+ 36. hxg4 fxg4+ 37. Kxg4 b5 38. Kf5 bxc4 39. bxc4 Ke8 40. Kf6 Kf8 41. f5 a5 42. a3 a4 43. e6 fxe6 44. Kxe6 Ke8 45. f6 Kf8 46. f7 1-0

[Event "Andalucia-ch U12"]
[Site "Islantilla"]
[Date "2012.04.14"]
[Round "7"]
[White "Trigueros Lorca, Irene"]
[Black "Ochando Megias, Antonio"]
[Result "0-1"]
[WhiteElo "1443"]
[BlackElo "1339"]
[PlyCount "56"]
[EventDate "2012.04.13"]
[EventType "swiss"]
[EventRounds "9"]
[EventCountry "ESP"]
[SourceTitle "CBM 148 Extra"]
[Source "ChessBase"]
[SourceDate "2012.06.22"]
[SourceVersion "1"]
[SourceVersionDate "2012.06.22"]
[SourceQuality "1"]

1. e4 e5 2. Nf3 Nc6 3. Bb5 f5 4. d3 d6 5. 0-0 Nf6 6. Re1 g6 7. Bg5 Bg7 8. Nc3 0-0 9. Bc4+ Kh8 10. Qd2 Qe7 11. Nd5 Qd8 12. Rad1 fxe4 13. dxe4 Bg4 14. c3 Ne7 15. Nxf6 Bxf6 16. Bh6 Bg7 17. Bxg7+ Kxg7 18. Be2 Nc6 19. Qe3 Qf6 20. Rd3 Qf4 21. Qxf4 Rxf4 22. h3 Bxf3 23. Bxf3 Raf8 24. Ree3 Na5 25. b3 h6 26. g3 R4f6 27. Bg2 b6 28. Rd2 c5 0-1

[Event "Andalucia-ch U12"]
[Site "Islantilla"]
[Date "2012.04.14"]
[Round "5"]
[White "Trigueros Lorca, Irene"]
[Black "Ramirez Valencia, Cristian"]
[Result "1-0"]
[WhiteElo "1443"]
[BlackElo "1347"]
[PlyCount "67"]
[EventDate "2012.04.13"]
[EventType "swiss"]
[EventRounds "9"]
[EventCountry "ESP"]
[SourceTitle "CBM 148 Extra"]
[Source "ChessBase"]
[SourceDate "2012.06.22"]
[SourceVersion "1"]
[SourceVersionDate "2012.06.22"]
[SourceQuality "1"]

1. e4 e6 2. d4 d5 3. exd5 exd5 4. Nc3 c6 5. Nf3 Bd6 6. Bd3 Ne7 7. 0-0 0-0 8. Bg5 f6 9. Bh4 Bf5 10. h3 Bf4 11. Qe2 Bxd3 12. Qxd3 Ng6 13. Bg3 Bxg3 14. fxg3 Qd6 15. Kh2 Na6 16. a3 Nc7 17. Rae1 Rfe8 18. Re3 Rxe3 19. Qxe3 Re8 20. Qd2 Qd7 21. Re1 Rxe1 22. Qxe1 Qe6 23. Qxe6+ Nxe6 24. Ne2 Kf7 25. c3 Ke7 26. Kg1 Kd6 27. b4 Nc7 28. a4 b6 29. Kf2 a6 30. Nd2 c5 31. Ke3 Ne5 32. Nb3 cxb4 33. cxb4 Nc6 34. Nf4 1-0

[Event "Andalucia-ch U10 1011"]
[Site "Almeria"]
[Date "2011.03.25"]
[Round "3.4"]
[White "Borrego Martinez, Alberto"]
[Black "Trigueros Lorca, Irene"]
[Result "0-1"]
[WhiteElo "1334"]
[BlackElo "1445"]
[PlyCount "28"]
[EventDate "2011.03.25"]
[EventType "swiss"]
[EventRounds "9"]
[EventCountry "ESP"]
[SourceTitle "EXT 2024"]
[Source "ChessBase"]
[SourceDate "2023.10.10"]
[SourceVersion "1"]
[SourceVersionDate "2023.10.10"]
[SourceQuality "1"]

1. f4 d5 2. Nf3 c6 3. e3 Bg4 4. d4 e6 5. c3 Nf6 6. Bd3 Nbd7 7. Nbd2 Qc7 8. 0-0 Be7 9. Qe1 h6 10. Ne5 Nxe5 11. fxe5 Nd7 12. Qg3 f5 13. exf6 Qxg3 14. hxg3 Nxf6 0-1

[Event "Andalucia-ch U10 1011"]
[Site "Almeria"]
[Date "2011.03.25"]
[Round "2.5"]
[White "Trigueros Lorca, Irene"]
[Black "Ferrer Estaire, Jose"]
[Result "1-0"]
[WhiteElo "1445"]
[BlackElo "1236"]
[PlyCount "91"]
[EventDate "2011.03.25"]
[EventType "swiss"]
[EventRounds "9"]
[EventCountry "ESP"]
[SourceTitle "EXT 2024"]
[Source "ChessBase"]
[SourceDate "2023.10.10"]
[SourceVersion "1"]
[SourceVersionDate "2023.10.10"]
[SourceQuality "1"]

1. e4 d6 2. d4 g6 3. Nf3 Bg7 4. Nc3 Nf6 5. Bc4 0-0 6. h3 a6 7. a4 Bd7 8. Bf4 c5 9. dxc5 dxc5 10. 0-0 e6 11. a5 b5 12. axb6 Qxb6 13. b3 Nh5 14. Be5 Bxe5 15. Nxe5 Bb5 16. Bxb5 c4 17. Bxc4 Ng3 18. Re1 Qb4 19. Nd3 Qxc3 20. fxg3 Qd4+ 21. Kh2 f5 22. exf5 gxf5 23. Rxe6 Kh8 24. Re5 f4 25. Bd5 Ra7 26. Bf3 Nd7 27. Rd5 fxg3+ 28. Kxg3 Qg7+ 29. Kh2 Nb6 30. Rd6 Qc7 31. Nb4 a5 32. Na2 a4 33. Qd4+ Kg8 34. Qxb6 Qg7 35. Bd5+ Kh8 36. Rd1 Qe5+ 37. Kh1 axb3 38. Re6 Qg7 39. Bxb3 Rb7 40. Qd4 Qxd4 41. Rxd4 Rf1+ 42. Kh2 Rf8 43. Red6 Rbb8 44. Rd7 Rfe8 45. Rh4 Rg8 46. Rhxh7# 1-0